Data Mining : (Record no. 16186)
[ view plain ]
| 000 -LEADER | |
|---|---|
| fixed length control field | 00766cam a22002295a 4500 |
| 005 - DATE AND TIME OF LATEST TRANSACTION | |
| control field | 20190424150012.0 |
| 008 - FIXED-LENGTH DATA ELEMENTS--GENERAL INFORMATION | |
| fixed length control field | 081022t2012 mau frb 001 0 eng d |
| 020 ## - INTERNATIONAL STANDARD BOOK NUMBER | |
| International Standard Book Number | 9780123814791 |
| 040 ## - CATALOGING SOURCE | |
| Original cataloging agency | EG-ScBUE |
| Language of cataloging | eng |
| Transcribing agency | EG-ScBUE |
| Modifying agency | EG-ScBUE |
| 082 04 - DEWEY DECIMAL CLASSIFICATION NUMBER | |
| Classification number | 006.312 |
| Item number | HAN |
| Edition number | 22 |
| 100 1# - MAIN ENTRY--PERSONAL NAME | |
| Personal name | Han, Jiawei. |
| 9 (RLIN) | 27693 |
| 245 10 - TITLE STATEMENT | |
| Title | Data Mining : |
| Remainder of title | Concepts and Techniques / |
| Statement of responsibility, etc | Jiawei Han, Micheline Kamber and Jian Pei. |
| 250 ## - EDITION STATEMENT | |
| Edition statement | 3th ed. |
| 260 ## - PUBLICATION, DISTRIBUTION, ETC. (IMPRINT) | |
| Place of publication, distribution, etc | Waltham, MA. : |
| Name of publisher, distributor, etc | Elsevier, |
| Date of publication, distribution, etc | c.2012. |
| 300 ## - PHYSICAL DESCRIPTION | |
| Extent | xxxv, 703 p. : |
| Other physical details | ill. ; |
| Dimensions | 24 cm. |
| 504 ## - BIBLIOGRAPHY, ETC. NOTE | |
| Bibliography, etc | Includes bibliographical references and index. |
| 650 #7 - SUBJECT ADDED ENTRY--TOPICAL TERM | |
| Topical term or geographic name as entry element | Data mining. |
| Source of heading or term | BUEsh |
| 9 (RLIN) | 27695 |
| 651 ## - SUBJECT ADDED ENTRY--GEOGRAPHIC NAME | |
| Source of heading or term | BUEsh |
| 653 ## - INDEX TERM--UNCONTROLLED | |
| Resource For college | Informatics and Computer Science |
| Arrived date list | October2011 |
| 700 1# - ADDED ENTRY--PERSONAL NAME | |
| Personal name | Kamber, Micheline. |
| 9 (RLIN) | 27696 |
| 700 1# - ADDED ENTRY--PERSONAL NAME | |
| Personal name | Pei, Jian. |
| 9 (RLIN) | 27400 |
| Withdrawn status | Item status | Source of classification or shelving scheme | Damaged status | Not for loan | Vendor | Home library | Current library | Shelving location | Date acquired | Source of acquisition | Total Checkouts | Total Renewals | Full call number | Barcode | Date last seen | Date last borrowed | Koha item type |
|---|---|---|---|---|---|---|---|---|---|---|---|---|---|---|---|---|---|
| Dewey Decimal Classification | Baccah | Central Library | Central Library | Lower Floor | 31/10/2011 | Purchase | 15 | 94 | 006.312 HAN | 000025541 | 15/07/2025 | 10/07/2018 | Book - Borrowing | ||||
| Dewey Decimal Classification | Baccah | Central Library | Central Library | Lower Floor | 31/10/2011 | Purchase | 13 | 1 | 006.312 HAN | 000025542 | 15/07/2025 | 05/09/2019 | Book - Borrowing |